| 000 | 00519nam a2200181Ia 4500 | ||
|---|---|---|---|
| 008 | 240428s9999||||xx |||||||||||||| ||und|| | ||
| 020 | _a97815588267696 | ||
| 041 | _aeng | ||
| 082 | _a338.96M | ||
| 100 | _aMoss, Todd J. | ||
| 245 | 0 | _aAfrican development : making sense of the issues and actors | |
| 250 | _a2nd ed. | ||
| 260 |
_bLynne Rienner Pub _aLondon _c2011 |
||
| 300 | _axi, 283p.: graphs, tabs., | ||
| 650 | _aEconomic Development and Growth - Africa - Political Development | ||
| 942 | _cBK | ||
| 999 |
_c405 _d405 |
||